000 00595nam a22001817a 4500
005 20260204101804.0
008 260203b |||||||| |||| 00| 0 eng d
020 _a978-0-470-47424-2
050 _aQA 76.9 .A 25 F47 2010
100 _aFERGUSON, NIELES
245 _aCRYPTOGRAPHY ENGINEERING: DESIGN PRINCIPLES AND PRACTICAL APPLICATIONS
260 _aINDIANAPOLIS,
_bWILEY PUBLISHING,INC,
_c2010,
300 _aXXIX, 352 P, ILL
500 _aINCLUDES INDEX AND BIBLIOGRAPHY
650 _aCRYPTOGRAPHY, COMPUTER SECURITY.
700 _aSCHENEIER BRUCE, KOHNO TADAYOSHI
942 _2lcc
_cBK
999 _c216527
_d216527